Statistics for Geography A-Z #4

Click here to take the quiz!

General Stats

  • This quiz has been taken 13,428 times
  • The average score is 16 of 26

Answer Stats

Hint Answer % Correct
VLargest African lakeVictoria
87%
OCanadian provinceOntario
84%
GGreat Sphinx siteGiza
83%
DHamlet's realmDenmark
82%
HHalf of HispaniolaHaiti
82%
LVesuvius outflowLava
80%
SScience of earthquakesSeismology
76%
M"Kiwi" languageMāori
75%
WKrasiński palace cityWarsaw
74%
EMajor Iraqi riverEuphrates
73%
YCalifornia national parkYosemite
71%
PMacau's former ownerPortugal
69%
TSea east of SydneyTasman
68%
ZBantu ethnic groupZulu
68%
KLondon palaceKensington
67%
IBouvet or Pitcairn, eg.Island
63%
QDoha dwellerQatari
61%
UIrish provinceUlster
55%
RThe leu is its currencyRomania
54%
NMont Saint-Michel regionNormandy
48%
CBolivar birth-cityCaracas
44%
XKublai Khan's palaceXanadu
39%
JCapital on the White NileJuba
38%
FThe F in DFWFort
32%
AOranjestad's islandAruba
32%
BMonument Valley featureButte
13%

Score Distribution

Percentile by Number Answered

Percent of People with Each Score

Your Score History

You have not taken this quiz